000 01045nam a22002657a 4500
001 BRCA_9380
003 FranzMayer
005 20230918124027.0
008 230901b |||||||| |||| 00| 0 eng d
020 _a385211084X
040 _aMFM
_bespañol
_cMFM
050 0 _aN6868.5.A14
_bP38 2000
100 1 _4Responsable
_aPatka, Erika
_929441
240 _aBertold Löffler
_hVagant zwischen Secessionismus und Neobiedermeier
_lAlemán
245 0 _aBertold Löffler
_bVagant zwischen Secessionismus und Neobiedermeier
260 _aViena, Austria
_bUniversität fur angewandte Kunst Wien
_c2000
300 _a166 p
_bIlustraciones a color
_c27 cm
500 _aAnexo 1
505 _aTexto en: alemánIncluye índice temáticoIncluye bibliografíaDirigido a: artistas, historiadores de arte
650 1 _2Artes visuales
_aHistoria del arte
_vArtes europeo
_929442
651 2 _2Europa
_aAustria
_vBertold Löffler
_929443
700 1 _4Publ
_aHerkt, Silvia
_929444
700 1 _4Assist.
_aSchrom, Beratung Georg
_929445
942 _2lcc
_cB
999 _c11002
_d11002